00891nam a2200253 a 450000100060000000300090000600800410001502000150005604000280007108200180009910000300011724500680014725000060021526000350022130000110025649000490026759000500031665000240036665000360039065000290042694200120045599900170046795201530048418760CO-ViMGA141112s2004 ck r 000 u spa d a848019250x aCO-ViMGAbspacCO-ViMGA04a615.822 B474m1 aBiriukov, Anatolik92675610aEl Masaje en la rehabilitación de traumatismos y enfermedades a2 aBarcelona : bPaidotribo; 1999 a175 p. aColección Fisioterapia y Terapias Manuales aForma de adquisición : Premio Min - cultura14aFISIOTERAPIA95397114aMASAJES - TERAPIA MANUAL92675714aMEDICINA DEPORTIVA93224 2ddccBK c27992d27992 00102ddc40708002aMEVIECARbMEVIECARd2015-12-04hVolumen. 1 | 11/jun/2009l0o615.822 B474m p18760r2015-12-04 00:00:00tEj. 1w2015-12-04yBK